<?xml version="1.0" encoding="UTF-8"?>
<record
    xmlns:xsi="http://www.w3.org/2001/XMLSchema-instance"
    xsi:schemaLocation="http://www.loc.gov/MARC21/slim http://www.loc.gov/standards/marcxml/schema/MARC21slim.xsd"
    xmlns="http://www.loc.gov/MARC21/slim">

  <leader>00936nam a2200241 i 4500</leader>
  <controlfield tag="005">20250616130707.0</controlfield>
  <controlfield tag="008">250616s2023    ii a   er     000 0 tam d</controlfield>
  <datafield tag="020" ind1=" " ind2=" ">
    <subfield code="c">RM32.20</subfield>
    <subfield code="q">paperback</subfield>
  </datafield>
  <datafield tag="040" ind1=" " ind2=" ">
    <subfield code="a">PPAK</subfield>
    <subfield code="b">eng</subfield>
    <subfield code="c">PPAK</subfield>
    <subfield code="e">rda</subfield>
  </datafield>
  <datafield tag="082" ind1="0" ind2="4">
    <subfield code="2">23</subfield>
    <subfield code="a">371.30281</subfield>
  </datafield>
  <datafield tag="090" ind1="0" ind2="0">
    <subfield code="a">371.30281</subfield>
    <subfield code="b">BAL</subfield>
    <subfield code="d">G</subfield>
  </datafield>
  <datafield tag="100" ind1="1" ind2=" ">
    <subfield code="6">880-01</subfield>
    <subfield code="a">Balan, Veera,</subfield>
    <subfield code="e">author.</subfield>
  </datafield>
  <datafield tag="245" ind1="1" ind2="0">
    <subfield code="6">880-02</subfield>
    <subfield code="a">Payanulla Muraiyil Padippadhu Eppadi? = How to Study Effectively? /</subfield>
    <subfield code="c">Veera.Balan</subfield>
  </datafield>
  <datafield tag="264" ind1=" " ind2="1">
    <subfield code="a">Tamil Nadu, India :</subfield>
    <subfield code="b">Veerabalan,</subfield>
    <subfield code="c">2023</subfield>
  </datafield>
  <datafield tag="300" ind1=" " ind2=" ">
    <subfield code="a">96 pages :</subfield>
    <subfield code="b">illustrations ;</subfield>
    <subfield code="c">22 cm</subfield>
  </datafield>
  <datafield tag="336" ind1=" " ind2=" ">
    <subfield code="a">text</subfield>
    <subfield code="2">rdacontent</subfield>
  </datafield>
  <datafield tag="337" ind1=" " ind2=" ">
    <subfield code="a">unmediated</subfield>
    <subfield code="2">rdamedia</subfield>
  </datafield>
  <datafield tag="338" ind1=" " ind2=" ">
    <subfield code="a">volume</subfield>
    <subfield code="2">rdacarrier</subfield>
  </datafield>
  <datafield tag="650" ind1="1" ind2="0">
    <subfield code="a">Study skills</subfield>
  </datafield>
  <datafield tag="880" ind1="1" ind2=" ">
    <subfield code="6">100-01</subfield>
    <subfield code="a">&#xBAA;&#xBBE;&#xBB2;&#xBA9;&#xBCD;, &#xBB5;&#xBC0;&#xBB0;.,</subfield>
    <subfield code="e">&#xB86;&#xB9A;&#xBBF;&#xBB0;&#xBBF;&#xBAF;&#xBB0;&#xBCD;.</subfield>
  </datafield>
  <datafield tag="880" ind1="1" ind2="0">
    <subfield code="6">245-02</subfield>
    <subfield code="a">&#xBAA;&#xBAF;&#xBA9;&#xBC1;&#xBB3;&#xBCD;&#xBB3; &#xBAE;&#xBC1;&#xBB1;&#xBC8;&#xBAF;&#xBBF;&#xBA9;&#xBCD; &#xBAA;&#xB9F;&#xBBF;&#xBAA;&#xBCD;&#xBAA;&#xBA4;&#xBC1; &#xB8E;&#xBAA;&#xBCD;&#xBAA;&#xB9F;&#xBBF;? /</subfield>
    <subfield code="c">&#xBB5;&#xBC0;&#xBB0;.&#xBAA;&#xBBE;&#xBB2;&#xBA9;&#xBCD;</subfield>
  </datafield>
  <datafield tag="942" ind1=" " ind2=" ">
    <subfield code="2">ddc</subfield>
    <subfield code="c">B</subfield>
  </datafield>
  <datafield tag="999" ind1=" " ind2=" ">
    <subfield code="c">199783</subfield>
    <subfield code="d">199783</subfield>
  </datafield>
  <datafield tag="952" ind1=" " ind2=" ">
    <subfield code="0">0</subfield>
    <subfield code="7">0</subfield>
    <subfield code="b">PPAK</subfield>
    <subfield code="c">G</subfield>
    <subfield code="d">2025-07-14</subfield>
    <subfield code="l">0</subfield>
    <subfield code="o">371.30281 BAL</subfield>
    <subfield code="p">A01870968</subfield>
    <subfield code="r">2025-07-14 14:42:52</subfield>
    <subfield code="y">B</subfield>
  </datafield>
  <datafield tag="952" ind1=" " ind2=" ">
    <subfield code="0">0</subfield>
    <subfield code="7">0</subfield>
    <subfield code="b">SP</subfield>
    <subfield code="c">G</subfield>
    <subfield code="d">2025-07-14</subfield>
    <subfield code="l">0</subfield>
    <subfield code="o">371.30281 BAL</subfield>
    <subfield code="p">A01870969</subfield>
    <subfield code="r">2025-07-14 14:42:52</subfield>
    <subfield code="y">B</subfield>
  </datafield>
</record>
